Prevention of post-havest food losses: A training manual

Gorde:
Xehetasun bibliografikoak
Formatua: Liburua
Hizkuntza:Undetermined
Argitaratua: Rome FAO 1985
Gaiak:
Etiketak: Etiketa erantsi
Etiketarik gabe, Izan zaitez lehena erregistro honi etiketa jartzen!
Thư viện lưu trữ: Trung tâm Học liệu Trường Đại học Cần Thơ
LEADER 00431nam a2200157Ia 4500
001 CTU_13193
008 210402s9999 xx 000 0 und d
082 |a 631.56 
082 |b P944 
245 0 |a Prevention of post-havest food losses: A training manual 
260 |a Rome 
260 |b FAO 
260 |c 1985 
650 |a farm produce - storage 
904 |i Minh, 961123 
980 |a Trung tâm Học liệu Trường Đại học Cần Thơ